Programming and interfacing the 8051 microcontroller

Αποθηκεύτηκε σε:
Λεπτομέρειες βιβλιογραφικής εγγραφής
Κύριος συγγραφέας: Yeralan, Sencer
Άλλοι συγγραφείς: Ahluwalia, Ashutosh
Μορφή: Βιβλίο
Γλώσσα:English
Δημοσίευση: Reading, Mass. : Addison-Wesley, c1993
Θέματα:
Ετικέτες: Προσθήκη ετικέτας
Δεν υπάρχουν, Καταχωρήστε ετικέτα πρώτοι!

MARC

LEADER 00000nam a2200000 i 4500
001 1/98583
008 000121s1993 eng d
020 |a 0201633655 
035 |l 10056567 
040 |a GR-MY-UA  |b gre  |e aacr 
041 0 |a eng 
082 0 |a 004.165 
100 1 |a Yeralan, Sencer. 
245 1 0 |a Programming and interfacing the 8051 microcontroller /  |c Sencer Yeralan, Ashutosh Ahluwalia 
260 |a Reading, Mass. :   |b Addison-Wesley,   |c c1993 
300 |a xiii, 328 p.;  |b ill.;  |c 23 cm.+  |e 1 computer disk (3 1/2 in.) 
504 |a Includes bibliographical references and index 
650 0 0 |a INTEL 8051 (Computer)  |x Programming. 
650 0 0 |a Digital control systems. 
650 0 0 |a Embedded computer systems. 
700 1 |a Ahluwalia, Ashutosh. 
852 |a INST  |b SAMOS  |e 20000121  |h 004.165 YER  |p 005300015938  |q 005300015938  |t BK  |y 0 
852 |a INST  |b SAMOS  |e 20000121  |h 004.165 YER   |p 005300015928  |q 005300015928  |t BK  |y 0 
901 |a BIBL3-2000-1 
909 |a Σ  |b 071227 
909 |a Σ  |b 067600 
922 |a 3ΕΛΗ  |b 199912  |c ΤΠΕΣ  |d ΠΑΠΑΣΩΤΗΡΙΟΥ 
970 |a ΓΕΝΟΥΖΟΥ  |b ΧΡΥΣΑΝΘΗ  |z 2000/01/21